عرض عادي
عرض مارك
- Callender, John S.
مدخل إسم شخص
001 - رقم الضبط
- حقل الضبط: 34777
003 - معرف رقم الضبط
- حقل الضبط: OSt
005 - تاريخ ووقت أخر عملية
- حقل الضبط: 20130326004608.0
008 - عناصر بيانات ثابتة الطول
- حقل تحكم ثابت الطول: 130326|||a|||||| | ||| d
040 ## - مصدر الفهرسة
- هيئة الفهرسة الأصلية: OSt
- وكالة الكتابة: OSt
100 ## - مدخل -- أسم شخص
- إسم شخص: Callender, John S.
670 ## - بيانات المصدر موجوده
- الاستشهاد بالمصدر: Work cat.: (OSt)29304: Callender, John S., Free will and responsibility :, 2010.
